000 00681nam a2200289Ia 4500
005 20260324124116.0
008 008 260324s9999 xx 000 0 eng d
020 _a9781315549552
037 _aEBOOK
040 _aCRL
040 _beng
040 _cCRL
041 _2eng
041 _aeng
084 _qCRL
100 _aĂ–zden Zeynep Oktav
_91172876
245 0 _aTurkey in the 21st Century
245 0 _bQuest for a New Foreign Policy
260 _bTaylor and Francis
260 _c2011
365 _a
365 _b240
856 _uhttp://www.taylorfrancis.com/books/9781315549552
942 _cEBOOK
999 _c1767000
_d1767000